MESTSKÁ KNIŽNICA GIRALTOVCE  - online katalóg 

Bieszczadzkie Gminy Pogranicza (Record no. 19894)

000 -NÁVESTIE
fixed length control field 00269nam a2200097 a 4500
008 - ÚDAJE S PEVNOU DĹŽKOU – VŠEOBECNÉ INFORMÁCIE
fixed length control field 111128s2010|||| d
020 ## - MEDZINÁRODNÉ ŠTANDARDNÉ ČÍSLO KNIHY (ISBN)
Údaje o dostupnosti 100
044 ## - KÓD KRAJINY VYDAVATEĽA/PRODUCENTA
Kód krajiny MARC xo
Kód krajiny ISO SK
245 10 - NÁZOV
Názov Bieszczadzkie Gminy Pogranicza
260 ## - VYDAVATEĽSKÉ ÚDAJE, DISTRIBÚCIA ATĎ.
Názov vydavateľa, distibútora atď. Pokarpacki Instytut Ksiazki i Marketingu
Miesto publikovania, distribúcie atď. Rzesow
Dátum publikovania, distribúcie atď. 2010
Holdings
Stav stiahnutia (Blokovanie) (Withrawn status) Stav straty Stav poškodenia (Damaged status) Nie pre výpožičky (Not for loan) Spôsob nadobudnutia (Collection code) Trvalé umiestnenie Aktuálne umiestnenie Dátum nadobudnutia Náklady, bežná kúpna cena Inventárne číslo (prírastkové číslo) Full call number Dátum posledného výskytu Cena s účinnosťou od Typ jednotky Koha
        Kúpa Mestská knižnica Giraltovce Mestská knižnica Giraltovce 2019-11-29 100.00 18 380 I 1579 2019-11-29 2019-11-29 Odborná literatúra pre dospelých

Powered by Koha